000 00608nam a2200181Ia 4500
008 090124s9999 xx 000 0 und d
082 _b5962
100 _aगांगल वसंत
245 _a त्रिकोणाची चवथी बाजू
250 _a1
260 _bसुनंदा प्रकाशन
_c1971
300 _a104
600 _aगांगल वसंत
630 _a त्रिकोणाची चवथी बाजू
700 _aगांगल वसंत
730 _a त्रिकोणाची चवथी बाजू
942 _cBOOK
999 _c84141
_d84141